[Event "London Classic op 7th"]
[Site "London"]
[Date "2015.12.10"]
[Round "8"]
[White "Charisiadis, Archimidis"]
[Black "Edwards, Simon R"]
[Result "0-1"]
[WhiteElo "1740"]
[BlackElo "1945"]
[PlyCount "50"]
[EventDate "2015.12.04"]
[EventType "swiss"]
[EventRounds "9"]
[EventCountry "ENG"]
[SourceTitle "CBM 169 Extra"]
[Source "ChessBase"]
[SourceDate "2015.12.18"]
[SourceVersion "1"]
[SourceVersionDate "2015.12.18"]
[SourceQuality "1"]

1. d4 Nf6 2. Nf3 c5 3. e3 cxd4 4. exd4 g6 5. b3 Bg7 6. Bb2 0-0 7. Nbd2 d5 8. Bd3 Nc6 9. 0-0 Nb4 10. Ne5 Nxd3 11. Nxd3 Bg4 12. Nf3 Rc8 13. Nde5 Bf5 14. c4 dxc4 15. bxc4 Ng4 16. Nxg4 Bxg4 17. Qb3 Bxf3 18. Qxf3 Qb6 19. Qb3 Bxd4 20. Bxd4 Qxd4 21. Qxb7 Rxc4 22. Rad1 Qc5 23. Rd7 Ra4 24. Rxe7 Rxa2 25. Qf3 Qxe7 0-1

[Event "London Classic op 7th"]
[Site "London"]
[Date "2015.12.05"]
[Round "3"]
[White "Barton, R Alan"]
[Black "Charisiadis, Archimidis"]
[Result "1/2-1/2"]
[WhiteElo "2012"]
[BlackElo "1740"]
[PlyCount "99"]
[EventDate "2015.12.04"]
[EventType "swiss"]
[EventRounds "9"]
[EventCountry "ENG"]
[SourceTitle "CBM 169 Extra"]
[Source "ChessBase"]
[SourceDate "2015.12.18"]
[SourceVersion "1"]
[SourceVersionDate "2015.12.18"]
[SourceQuality "1"]

1. d4 Nf6 2. Nf3 e6 3. g3 d5 4. Bg2 Nbd7 5. 0-0 Be7 6. c4 0-0 7. b3 c6 8. Bb2 b6 9. Qc2 Bb7 10. Nbd2 Rc8 11. Rad1 Qc7 12. Ne5 c5 13. Nxd7 Nxd7 14. cxd5 exd5 15. Nf3 Bf6 16. Rd2 Rfd8 17. Rc1 Qd6 18. Qd3 Qe6 19. Rdc2 Re8 20. e3 Qd6 21. Bh3 Red8 22. Qe2 Rc7 23. Ba3 Qc6 24. Bb2 Be7 25. Qd3 c4 26. Qf1 b5 27. Bc3 b4 28. Be1 c3 29. Bf5 Qf6 30. Bxd7 Rcxd7 31. Ne5 Rd6 32. Qh3 Bc8 33. g4 g6 34. Qg3 Qh4 35. Qg2 f6 36. f4 Qh6 37. Nf3 Qg7 38. h3 g5 39. fxg5 fxg5 40. Bg3 Re6 41. Be5 Bf6 42. Qg3 Ba6 43. Rf2 Bd3 44. Bxf6 Rxf6 45. Ne5 Rxf2 46. Qxf2 Rf8 47. Qg2 Be4 48. Qe2 Qb7 49. Qh2 Qe7 50. Qe2 1/2-1/2

[Event "Piraeus-ch 46th"]
[Site "PIraeus"]
[Date "2011.11.12"]
[Round "1.1"]
[White "Alexakis, Dimitrios"]
[Black "Charisiadis, Archimidis"]
[Result "1-0"]
[WhiteElo "2173"]
[BlackElo "1759"]
[PlyCount "107"]
[EventDate "2011.11.12"]
[EventType "swiss"]
[EventRounds "7"]
[EventCountry "GRE"]
[SourceTitle "EXT 2024"]
[Source "ChessBase"]
[SourceDate "2023.10.10"]
[SourceVersion "1"]
[SourceVersionDate "2023.10.10"]
[SourceQuality "1"]

1. e4 e5 2. Nf3 Nc6 3. Bc4 Nf6 4. d4 exd4 5. 0-0 d5 6. exd5 Nxd5 7. Ng5 f6 8. Re1+ Nce7 9. Qxd4 c6 10. Ne4 Bf5 11. Bxd5 Bxe4 12. Qxe4 Qxd5 13. Qa4 Kf7 14. Nc3 b5 15. Qg4 f5 16. Qg3 Qd7 17. Bg5 Re8 18. Rad1 Qc8 19. Qf3 h6 20. Bxe7 Bxe7 21. Ne4 Rhf8 22. Ng3 Kg8 23. Re5 g6 24. Qb3+ Kg7 25. Re6 Rf6 26. Rde1 Rxe6 27. Qxe6 Qxe6 28. Rxe6 Kf7 29. Rxc6 Bd8 30. Kf1 Re6 31. Rxe6 Kxe6 32. Ke2 Kd5 33. Kd3 Bb6 34. f3 Bc7 35. Nf1 Be5 36. c3 Bd6 37. b3 Bc7 38. g3 Bd6 39. Ne3+ Kc5 40. Nc2 Kd5 41. c4+ bxc4+ 42. bxc4+ Kc5 43. Nd4 Be5 44. Nb5 a6 45. Nc3 Kd6 46. Nd5 Bg7 47. h4 Be5 48. Nf4 g5 49. Ne2 Kc5 50. hxg5 hxg5 51. f4 gxf4 52. gxf4 Bd6 53. Nd4 Bc7 54. Ne6+ 1-0